[Event "AUTO-ADV-906"]
[Site "http://www.queenalice.com/game.php?id=440043"]
[Date "2008.7.28"]
[Round "2"]
[White "scott2770"]
[Black "galaksoda"]
[Result "0-1"]
[WhiteElo "1877"]
[BlackElo "1876"]

1. d4 Nf6 2. c4 c5 3. e3 g6 4. Nf3 Bg7 5. Nc3 O-O 6. Be2 d6 7. O-O b6 8. Qc2 Nc6
9. Bd3 Nb4 10. Qe2 Bg4 11. Re1 Bxf3 12. gxf3 Re8 13. a3 Nc6 14. d5 Ne5 15. f4
Neg4 16. e4 e5 17. fxe5 Rxe5 18. f4 Rh5 19. Bd2 Rxh2 20. Qd1 h5 21. f5 Nh7 22.
Bf4 Qh4 23. Qf3 Rxb2 24. Bg3 Bd4+ 25. Kf1 Nh2+ 26. Bxh2 Rf2+ 27. Kg1 Qxh2# 0-1

[Event "AUTO-ADV-906"]
[Site "http://www.queenalice.com/game.php?id=440044"]
[Date "2008.7.28"]
[Round "2"]
[White "galaksoda"]
[Black "scott2770"]
[Result "1-0"]
[WhiteElo "1894"]
[BlackElo "1861"]

1. Nf3 Nc6 2. d4 e6 3. e4 d5 4. e5 Bd7 5. Bd3 f6 6. Be3 fxe5 7. dxe5 Qe7 8. O-O
g6 9. Nc3 Bg7 10. Nb5 Qd8 11. Bg5 Nge7 12. Re1 O-O 13. a4 a6 14. Nbd4 Nxd4 15.
Nxd4 c5 16. Nf3 Qe8 17. c3 Nc6 18. b3 Rc8 19. Rc1 Rc7 20. Re3 Nd8 21. Nh4 Nf7
22. Bf6 Qc8 23. Nxg6 hxg6 24. Bxg6 Nh8 25. Qh5 Nxg6 26. Qxg6 Be8 27. Qg5 Rcf7
28. Rg3 Qd7 29. h4 Qc7 30. h5 Rxf6 31. exf6 1-0

[Event "Showdown"]
[Site "http://www.queenalice.com/game.php?id=445007"]
[Date "2008.8.7"]
[Round "-"]
[White "Gambitshark"]
[Black "scott2770"]
[Result "1-0"]
[WhiteElo "2631"]
[BlackElo "1864"]

1. e4 e5 2. Nf3 Nc6 3. d4 exd4 4. c3 dxc3 5. Bc4 Bc5 6. Bxf7+ Kxf7 7. Qd5+ Ke8
8. Qh5+ Kf8 9. Qxc5+ d6 10. Qxc3 Bd7 11. O-O Nf6 12. Re1 Kf7 13. Qb3+ Be6 14.
Ng5+ Kg6 15. Nxe6 Qe7 16. Nf4+ Kh6 17. Nd5+ g5 18. Nxe7 Rae8 19. Nf5+ Kg6 20.
Bxg5 Nxe4 21. Be7 Nc5 22. Nh4+ Kg7 23. Qg3+ Kf7 24. Qf4+ Kg7 25. Nf5+ Kg8 26.
Qg5+ 1-0

[Event "AUTO-ADV-1102"]
[Site "http://www.queenalice.com/game.php?id=490625"]
[Date "2008.11.9"]
[Round "1"]
[White "scott2770"]
[Black "attachui"]
[Result "0-1"]
[WhiteElo "1695"]
[BlackElo "2029"]

1. e4 c5 2. Nf3 d6 3. Nc3 Nf6 4. Bc4 a6 5. O-O Bg4 6. Re1 Nc6 7. Nd5 e6 8. Nxf6+
Qxf6 9. c3 Ne5 10. Be2 Be7 11. d4 Nxf3+ 12. Bxf3 Bxf3 13. Qxf3 cxd4 14. Qxf6
Bxf6 15. Rd1 dxc3 16. bxc3 Bxc3 17. Rb1 O-O-O 18. Rb3 Bf6 19. Be3 Rd7 20. g3 Kd8
21. Rc1 Ke7 22. Rb4 d5 23. Bc5+ Ke8 24. Bb6 Bd8 25. Bxd8 Kxd8 26. exd5 exd5 0-1

[Event "AUTO-ADV-1102"]
[Site "http://www.queenalice.com/game.php?id=490626"]
[Date "2008.11.9"]
[Round "1"]
[White "attachui"]
[Black "scott2770"]
[Result "1-0"]
[WhiteElo "2026"]
[BlackElo "1698"]

1. d4 d5 2. c4 e6 3. Nc3 Nf6 4. Bg5 Be7 5. Nf3 c6 6. e3 Nbd7 7. Rc1 O-O 8. Qc2
Re8 9. cxd5 Nxd5 10. Nxd5 exd5 11. Bf4 Nf8 12. Bd3 Bg4 13. Ne5 Be6 14. O-O Bf6
15. b4 Rc8 16. Qa4 Ra8 17. b5 Bxe5 18. Bxe5 f6 19. Bg3 Bd7 20. bxc6 Bxc6 21. Qb3
Rc8 22. Bf5 Ra8 23. Rfe1 g6 24. Bd3 Ne6 25. f4 f5 26. Bb5 1-0

[Event "AUTO-ADV-1102"]
[Site "http://www.queenalice.com/game.php?id=490627"]
[Date "2008.11.9"]
[Round "1"]
[White "scott2770"]
[Black "Alcar"]
[Result "0-1"]
[WhiteElo "1802"]
[BlackElo "1743"]

1. d4 Nf6 2. c4 e6 3. Nf3 d5 4. Bg5 Be7 5. e3 O-O 6. Nbd2 h6 7. Bh4 Ne4 8. Bxe7
Qxe7 9. Rc1 Nf6 10. Bd3 b6 11. O-O Nbd7 12. Re1 c5 13. e4 Bb7 14. exd5 Qd6 15.
dxc5 Nxc5 16. Bb1 exd5 17. cxd5 Bxd5 0-1

[Event "AUTO-ADV-1102"]
[Site "http://www.queenalice.com/game.php?id=490628"]
[Date "2008.11.9"]
[Round "1"]
[White "Alcar"]
[Black "scott2770"]
[Result "1-0"]
[WhiteElo "1761"]
[BlackElo "1784"]

1. d4 d5 2. c4 e6 3. Nc3 Nf6 4. Bg5 Be7 5. cxd5 Nxd5 6. Bxe7 Qxe7 7. Nf3 Qb4 8.
Rb1 Nxc3 9. bxc3 Qxc3+ 10. Qd2 Qxd2+ 11. Nxd2 O-O 12. g3 Nc6 13. e3 b6 14. Bg2
Bb7 15. O-O Rab8 16. Rfc1 Na5 17. Rxc7 Bxg2 18. Kxg2 Rbc8 19. Rbc1 1-0

[Event "AUTO-ADV-1102"]
[Site "http://www.queenalice.com/game.php?id=490629"]
[Date "2008.11.9"]
[Round "1"]
[White "scott2770"]
[Black "fire4"]
[Result "0-1"]
[WhiteElo "1727"]
[BlackElo "1755"]

1. e4 b6 2. d4 Bb7 3. Nc3 e6 4. Bd3 Nf6 5. Nge2 Bb4 6. Bg5 d5 7. e5 Nc6 8. exf6
gxf6 9. Bd2 e5 10. dxe5 fxe5 11. Ng3 e4 12. Bb5 a6 13. Bxc6+ Bxc6 14. O-O Qd6
15. Nce2 Bc5 16. Bc3 Rg8 17. Bd4 O-O-O 18. Qd2 Qg6 19. Bxc5 bxc5 20. Rad1 h5 21.
Nf4 Qg4 22. Nfxh5 Rd6 0-1

[Event "AUTO-ADV-1102"]
[Site "http://www.queenalice.com/game.php?id=490630"]
[Date "2008.11.9"]
[Round "1"]
[White "fire4"]
[Black "scott2770"]
[Result "1-0"]
[WhiteElo "1770"]
[BlackElo "1712"]

1. e4 e5 2. b3 Nc6 3. Bb2 Nf6 4. Bb5 d6 5. Bxc6+ bxc6 6. d4 exd4 7. Qxd4 d5 8.
e5 Ne4 9. Nc3 Nxc3 10. Qxc3 Qd7 11. Nf3 Be7 12. Nd4 Bb7 13. O-O-O O-O 14. Nf3
Qe6 15. h4 f6 16. Rde1 Qf5 17. exf6 Bxf6 18. Nd4 Qxf2 19. Qe3 Qxe3+ 20. Rxe3
Rae8 21. Rhe1 Rxe3 22. Rxe3 Bxd4 23. Bxd4 Rf4 24. Bxa7 1-0

[Event "AUTO-ADV-1128"]
[Site "http://www.queenalice.com/game.php?id=500528"]
[Date "2008.11.30"]
[Round "1"]
[White "ezequiel_2001"]
[Black "scott2770"]
[Result "1-0"]
[WhiteElo "1833"]
[BlackElo "1739"]

1. d4 e6 2. c4 d5 3. cxd5 exd5 4. Nc3 Nf6 5. Nf3 Bb4 6. Bd2 Bf5 7. Qa4+ Nc6 8.
Ne5 Bxc3 9. Bxc3 Qd6 10. Nxc6 Qxc6 11. Qxc6+ bxc6 12. e3 O-O 13. Ba6 Rab8 14.
O-O Ne4 15. Be1 Nd6 16. b3 Rfe8 17. Ba5 Re7 18. Be2 f6 19. Rfc1 Bd7 20. Bxc7 1-0

[Event "AUTO-ADV-1128"]
[Site "http://www.queenalice.com/game.php?id=500529"]
[Date "2008.11.30"]
[Round "1"]
[White "scott2770"]
[Black "ezequiel_2001"]
[Result "0-1"]
[WhiteElo "1752"]
[BlackElo "1820"]

1. e4 c5 2. Nf3 d6 3. Nc3 Nf6 4. d4 cxd4 5. Nxd4 e5 6. Nf3 Be7 7. Bg5 O-O 8. Bc4
Nbd7 9. O-O a6 10. Nd5 Nxd5 11. Bxe7 Nxe7 12. Qxd6 Qb6 13. Qxe7 Qxb2 14. Rac1
Qc3 15. Bb3 Nc5 16. Qxe5 Qxe5 17. Nxe5 Nxe4 18. Rfe1 Bf5 19. Rcd1 Rae8 0-1

[Event "AUTO-ADV-1128"]
[Site "http://www.queenalice.com/game.php?id=500542"]
[Date "2008.11.30"]
[Round "1"]
[White "scott2770"]
[Black "altair"]
[Result "0-1"]
[WhiteElo "1682"]
[BlackElo "1637"]

1. e4 e5 2. Nf3 d6 3. c3 Nf6 4. Qc2 Bg4 5. d4 Bxf3 6. gxf3 Nc6 7. Bb5 a6 8. Ba4
g6 9. Bg5 Bg7 10. Nd2 exd4 11. cxd4 b5 12. Qxc6+ Qd7 13. Qxa8+ Ke7 14. Qxa6 bxa4
15. Rc1 Re8 16. Qa5 Rc8 17. Rc4 Kf8 18. O-O Kg8 0-1

[Event "AUTO-ADV-1128"]
[Site "http://www.queenalice.com/game.php?id=500543"]
[Date "2008.11.30"]
[Round "1"]
[White "altair"]
[Black "scott2770"]
[Result "1-0"]
[WhiteElo "1655"]
[BlackElo "1664"]

1. e4 e5 2. Nf3 Nc6 3. a3 Bc5 4. g3 Nf6 5. d3 Ng4 6. Nc3 Nxf2 7. Qe2 Nxh1 8. Bg2
Nf2 9. d4 Bxd4 10. Nxd4 Nxd4 11. Qxf2 d6 12. Be3 Nc6 13. O-O-O Be6 14. Nb5 a6
15. Nc3 O-O 16. h4 Qd7 17. Rg1 Rae8 18. Bf3 1-0

[Event "AUTO-ADV-1128"]
[Site "http://www.queenalice.com/game.php?id=500544"]
[Date "2008.11.30"]
[Round "1"]
[White "scott2770"]
[Black "orinto"]
[Result "0-1"]
[WhiteElo "1831"]
[BlackElo "1859"]

1. e4 c5 2. Nf3 d6 3. d4 cxd4 4. Nxd4 Nf6 5. Nc3 a6 6. Bg5 e6 7. Bc4 b5 8. Bb3
Bb7 9. O-O Be7 10. Re1 O-O 0-1

[Event "AUTO-ADV-1128"]
[Site "http://www.queenalice.com/game.php?id=500545"]
[Date "2008.11.30"]
[Round "1"]
[White "orinto"]
[Black "scott2770"]
[Result "1-0"]
[WhiteElo "1874"]
[BlackElo "1816"]

1. d4 d5 2. c4 e6 3. Nf3 Bb4+ 4. Bd2 Bxd2+ 5. Nbxd2 Nf6 6. g3 Nbd7 7. Bg2 O-O 8.
O-O c5 9. Qc2 Qc7 10. Rac1 Nb6 11. Ne5 cxd4 12. cxd5 1-0

[Event "Challenge"]
[Site "http://www.queenalice.com/game.php?id=505721"]
[Date "2008.12.10"]
[Round "-"]
[White "positionalgenius"]
[Black "scott2770"]
[Result "1-0"]
[WhiteElo "1839"]
[BlackElo "1692"]

1. e4 e5 2. Nf3 Nc6 3. Bb5 a6 4. Bxc6 dxc6 5. O-O Bg4 6. d3 Bc5 7. Nc3 Qd7 8. h3
Bh5 9. Be3 Bxe3 10. fxe3 f6 11. d4 exd4 12. exd4 O-O-O 13. Qd3 Ne7 14. Rad1 Rhe8
15. Ne2 1-0